[Event "DEM U18w 2025"]
[Site "Willingen GER"]
[Date "2025.06.08"]
[Round "2"]
[White "Voigt, Anastasia"]
[Black "Fock, Madiha"]
[Result "1/2-1/2"]
[Termination "normal"]
[Board "5"]
[WhiteElo "1986"]
[BlackElo "1830"]
[WhiteClock "00:01:22"]
[BlackClock "00:05:08"]
[PlyCount "151"]
[WhiteFideId "16235223"]
[BlackFideId "16253574"]
[EventCountry "GER"]
[EventRounds "9"]
[EventType "swiss"]
[EventDate "2025.06.07"]

1. e4 {[%clk 01:30:58]} {[%emt 00:00:02]} c5 {[%clk 01:30:55]} {[%emt
00:00:05]} 2. Nf3 {[%clk 01:31:22]} {[%emt 00:00:07]} d6 {[%clk 01:31:18]}
{[%emt 00:00:06]} 3. d4 {[%clk 01:31:48]} {[%emt 00:00:04]} cxd4 {[%clk
01:31:43]} {[%emt 00:00:05]} 4. Nxd4 {[%clk 01:32:15]} {[%emt 00:00:04]} Nf6
{[%clk 01:32:04]} {[%emt 00:00:08]} 5. Nc3 {[%clk 01:32:41]} {[%emt 00:00:04]}
a6 {[%clk 01:32:26]} {[%emt 00:00:09]} 6. Be3 {[%clk 01:33:04]} {[%emt
00:00:06]} e6 {[%clk 01:32:17]} {[%emt 00:00:39]} 7. f3 {[%clk 01:33:23]}
{[%emt 00:00:11]} b5 {[%clk 01:31:58]} {[%emt 00:00:50]} 8. Qd2 {[%clk
01:33:45]} {[%emt 00:00:07]} Bb7 {[%clk 01:31:36]} {[%emt 00:00:52]} 9. g4
{[%clk 01:32:53]} {[%emt 00:01:21]} Nfd7 {[%clk 01:29:39]} {[%emt 00:02:28]}
10. Nb3 {[%clk 01:29:22]} {[%emt 00:04:01]} Ne5 {[%clk 01:24:45]} {[%emt
00:05:24]} 11. Qf2 {[%clk 01:27:59]} {[%emt 00:01:52]} Nbd7 {[%clk 01:20:33]}
{[%emt 00:04:43]} 12. O-O-O {[%clk 01:26:17]} {[%emt 00:02:13]} Rc8 {[%clk
01:15:57]} {[%emt 00:05:05]} 13. Kb1 {[%clk 01:17:56]} {[%emt 00:08:50]} Be7
{[%clk 01:07:29]} {[%emt 00:08:58]} 14. Rg1 {[%clk 01:08:35]} {[%emt 00:09:51]}
Nc4 {[%clk 00:51:21]} {[%emt 00:16:40]} 15. Bxc4 {[%clk 01:00:20]} {[%emt
00:08:44]} Rxc4 {[%clk 00:50:52]} {[%emt 00:00:59]} 16. g5 {[%clk 00:56:39]}
{[%emt 00:04:11]} Qc7 {[%clk 00:46:09]} {[%emt 00:05:13]} 17. Rd2 {[%clk
00:47:10]} {[%emt 00:10:00]} O-O {[%clk 00:40:09]} {[%emt 00:06:30]} 18. h4
{[%clk 00:44:45]} {[%emt 00:02:54]} Rxc3 {[%clk 00:34:36]} {[%emt 00:06:04]}
19. bxc3 {[%clk 00:43:44]} {[%emt 00:01:30]} d5 {[%clk 00:34:39]} {[%emt
00:00:28]} 20. exd5 {[%clk 00:35:09]} {[%emt 00:09:05]} Bxd5 {[%clk 00:34:10]}
{[%emt 00:00:58]} 21. h5 {[%clk 00:22:38]} {[%emt 00:13:01]} a5 {[%clk
00:26:21]} {[%emt 00:08:19]} 22. Bd4 {[%clk 00:18:17]} {[%emt 00:04:51]} a4
{[%clk 00:23:16]} {[%emt 00:03:36]} 23. g6 {[%clk 00:15:32]} {[%emt 00:03:14]}
fxg6 {[%clk 00:21:22]} {[%emt 00:02:25]} 24. hxg6 {[%clk 00:12:45]} {[%emt
00:03:17]} h6 {[%clk 00:21:13]} {[%emt 00:00:39]} 25. Nc1 {[%clk 00:11:53]}
{[%emt 00:01:21]} b4 {[%clk 00:18:44]} {[%emt 00:03:00]} 26. cxb4 {[%clk
00:06:07]} {[%emt 00:06:15]} Bxb4 {[%clk 00:19:08]} {[%emt 00:00:06]} 27. Rd3
{[%clk 00:05:53]} {[%emt 00:00:44]} Qb7 {[%clk 00:17:33]} {[%emt 00:02:05]} 28.
Ka1 {[%clk 00:05:36]} {[%emt 00:00:47]} Rb8 {[%clk 00:15:14]} {[%emt 00:02:49]}
29. Nb3 {[%clk 00:04:07]} {[%emt 00:01:59]} axb3 {[%clk 00:14:19]} {[%emt
00:01:25]} 30. cxb3 {[%clk 00:04:16]} {[%emt 00:00:21]} Qa6 {[%clk 00:12:18]}
{[%emt 00:02:31]} 31. Qe2 {[%clk 00:02:35]} {[%emt 00:02:10]} Ra8 {[%clk
00:10:04]} {[%emt 00:02:44]} 32. Rg2 {[%clk 00:02:42]} {[%emt 00:00:22]} Be7
{[%clk 00:07:32]} {[%emt 00:03:03]} 33. Kb1 {[%clk 00:02:03]} {[%emt 00:01:09]}
Qa3 {[%clk 00:05:38]} {[%emt 00:02:25]} 34. Ba1 {[%clk 00:01:27]} {[%emt
00:01:05]} Qa5 {[%clk 00:03:44]} {[%emt 00:02:25]} 35. Bc3 {[%clk 00:01:18]}
{[%emt 00:00:40]} Qb5 {[%clk 00:03:25]} {[%emt 00:00:48]} 36. Qd1 {[%clk
00:00:58]} {[%emt 00:00:50]} Nf6 {[%clk 00:03:16]} {[%emt 00:00:40]} 37. Re2
{[%clk 00:01:02]} {[%emt 00:00:25]} Bb4 {[%clk 00:02:30]} {[%emt 00:01:16]} 38.
Bxb4 {[%clk 00:01:03]} {[%emt 00:00:29]} Qxb4 {[%clk 00:02:59]} {[%emt
00:00:01]} 39. Qd2 {[%clk 00:00:58]} {[%emt 00:00:35]} Qb7 {[%clk 00:02:53]}
{[%emt 00:00:36]} 40. Ree3 {[%clk 00:01:07]} {[%emt 00:00:21]} Qb8 {[%clk
00:01:27]} {[%emt 00:01:57]} 41. Qc2 {[%clk 00:28:02]} {[%emt 00:03:34]} Nh5
{[%clk 00:23:52]} {[%emt 00:08:05]} 42. Rc3 {[%clk 00:27:19]} {[%emt 00:01:13]}
Nf4 {[%clk 00:23:30]} {[%emt 00:00:52]} 43. Rc5 {[%clk 00:24:17]} {[%emt
00:03:31]} Qe8 {[%clk 00:21:42]} {[%emt 00:02:19]} 44. Ka1 {[%clk 00:14:05]}
{[%emt 00:10:43]} Qxg6 {[%clk 00:21:21]} {[%emt 00:00:50]} 45. Qxg6 {[%clk
00:10:08]} {[%emt 00:04:27]} Nxg6 {[%clk 00:21:46]} {[%emt 00:00:04]} 46. a4
{[%clk 00:08:38]} {[%emt 00:02:01]} Rf8 {[%clk 00:20:57]} {[%emt 00:01:18]} 47.
a5 {[%clk 00:07:21]} {[%emt 00:01:48]} Nh4 {[%clk 00:18:38]} {[%emt 00:02:49]}
48. b4 {[%clk 00:05:28]} {[%emt 00:02:23]} Nxf3 {[%clk 00:18:14]} {[%emt
00:00:54]} 49. Kb2 {[%clk 00:02:33]} {[%emt 00:03:24]} Nd4 {[%clk 00:16:47]}
{[%emt 00:01:58]} 50. Kc3 {[%clk 00:02:25]} {[%emt 00:00:38]} Nf5 {[%clk
00:16:59]} {[%emt 00:00:18]} 51. Re5 {[%clk 00:02:16]} {[%emt 00:00:39]} Ne7
{[%clk 00:15:15]} {[%emt 00:02:15]} 52. b5 {[%clk 00:02:10]} {[%emt 00:00:35]}
Kf7 {[%clk 00:13:19]} {[%emt 00:02:26]} 53. a6 {[%clk 00:02:07]} {[%emt
00:00:34]} Rc8 {[%clk 00:11:23]} {[%emt 00:02:24]} 54. Kd4 {[%clk 00:02:26]}
{[%emt 00:00:11]} Ba8 {[%clk 00:10:38]} {[%emt 00:01:17]} 55. Rxc8 {[%clk
00:02:07]} {[%emt 00:00:48]} Nxc8 {[%clk 00:11:01]} {[%emt 00:00:07]} 56. Kc5
{[%clk 00:02:21]} {[%emt 00:00:16]} g5 {[%clk 00:10:21]} {[%emt 00:01:10]} 57.
Re1 {[%clk 00:02:22]} {[%emt 00:00:28]} g4 {[%clk 00:10:14]} {[%emt 00:00:37]}
58. Rd1 {[%clk 00:01:13]} {[%emt 00:01:39]} Ke7 {[%clk 00:10:14]} {[%emt
00:00:32]} 59. b6 {[%clk 00:01:23]} {[%emt 00:00:20]} Nxb6 {[%clk 00:10:25]}
{[%emt 00:00:18]} 60. Kxb6 {[%clk 00:01:49]} {[%emt 00:00:04]} h5 {[%clk
00:10:43]} {[%emt 00:00:12]} 61. Kc7 {[%clk 00:01:50]} {[%emt 00:00:28]} h4
{[%clk 00:09:57]} {[%emt 00:01:17]} 62. Kb8 {[%clk 00:01:22]} {[%emt 00:00:58]}
Bg2 {[%clk 00:09:37]} {[%emt 00:00:50]} 63. Rd4 {[%clk 00:00:55]} {[%emt
00:00:56]} h3 {[%clk 00:09:50]} {[%emt 00:00:18]} 64. Rxg4 {[%clk 00:01:20]}
{[%emt 00:00:05]} h2 {[%clk 00:10:00]} {[%emt 00:00:21]} 65. Rxg2 {[%clk
00:01:29]} {[%emt 00:00:20]} h1=Q {[%clk 00:10:22]} {[%emt 00:00:08]} 66. Rg7+
{[%clk 00:01:33]} {[%emt 00:00:26]} Kd6 {[%clk 00:08:53]} {[%emt 00:01:58]} 67.
Rb7 {[%clk 00:01:24]} {[%emt 00:00:38]} Qh8+ {[%clk 00:07:30]} {[%emt
00:01:55]} 68. Ka7 {[%clk 00:01:49]} {[%emt 00:00:05]} Qc8 {[%clk 00:07:34]}
{[%emt 00:00:26]} 69. Rb6+ {[%clk 00:01:19]} {[%emt 00:01:00]} Kc5 {[%clk
00:07:16]} {[%emt 00:00:49]} 70. Rb2 {[%clk 00:01:08]} {[%emt 00:00:38]} Kd4
{[%clk 00:06:45]} {[%emt 00:01:02]} 71. Rb4+ {[%clk 00:01:27]} {[%emt
00:00:11]} Kc3 {[%clk 00:06:58]} {[%emt 00:00:16]} 72. Rb1 {[%clk 00:01:12]}
{[%emt 00:00:45]} Kc2 {[%clk 00:06:55]} {[%emt 00:00:34]} 73. Rb8 {[%clk
00:01:14]} {[%emt 00:00:29]} Qc6 {[%clk 00:06:30]} {[%emt 00:00:54]} 74. Rb6
{[%clk 00:01:18]} {[%emt 00:00:27]} Qc7+ {[%clk 00:05:04]} {[%emt 00:01:55]}
75. Rb7 {[%clk 00:01:43]} {[%emt 00:00:06]} Qa5 {[%clk 00:05:08]} {[%emt
00:00:25]} 76. Rb6 {[%clk 00:01:22]} {[%emt 00:00:52]} e5 {[%clk 00:04:20]}
{[%emt 00:01:19]} 77. Kb7 {[%clk 00:01:36]} {[%emt 00:00:16]} Qd5+ {[%clk
00:04:16]} {[%emt 00:00:33]} 78. Rc6+ {[%clk 00:01:57]} {[%emt 00:00:08]} Kd3
{[%clk 00:04:31]} {[%emt 00:00:14]} 79. a7 {[%clk 00:01:55]} {[%emt 00:00:33]}
Qd7+ {[%clk 00:03:25]} {[%emt 00:01:36]} 80. Kb6 {[%clk 00:02:00]} {[%emt
00:00:25]} Qd8+ {[%clk 00:03:17]} {[%emt 00:00:39]} 81. Kb7 {[%clk 00:01:58]}
{[%emt 00:00:31]} Qd7+ {[%clk 00:03:30]} {[%emt 00:00:18]} 82. Kb6 {[%clk
00:02:20]} {[%emt 00:00:08]} 1/2-1/2

[Event "DEM U18w 2025"]
[Site "Willingen GER"]
[Date "2025.06.08"]
[Round "2"]
[White "von Beckh, Frieda"]
[Black "Bursan, Ana-Maria"]
[Result "0-1"]
[Termination "normal"]
[Board "6"]
[WhiteElo "1799"]
[BlackElo "1894"]
[WhiteClock "00:01:09"]
[BlackClock "00:08:01"]
[PlyCount "72"]
[WhiteFideId "16233751"]
[BlackFideId "34620150"]
[EventCountry "GER"]
[EventRounds "9"]
[EventType "swiss"]
[EventDate "2025.06.07"]

1. e4 {[%clk 01:30:57]} {[%emt 00:00:03]} e6 {[%clk 01:30:54]} {[%emt
00:00:06]} 2. d4 {[%clk 01:31:22]} {[%emt 00:00:07]} d5 {[%clk 01:31:13]}
{[%emt 00:00:10]} 3. Nc3 {[%clk 01:31:44]} {[%emt 00:00:08]} Bb4 {[%clk
01:31:34]} {[%emt 00:00:10]} 4. exd5 {[%clk 01:32:07]} {[%emt 00:00:06]} exd5
{[%clk 01:31:56]} {[%emt 00:00:08]} 5. Bd3 {[%clk 01:32:33]} {[%emt 00:00:04]}
Nf6 {[%clk 01:32:06]} {[%emt 00:00:19]} 6. Nge2 {[%clk 01:32:01]} {[%emt
00:01:02]} O-O {[%clk 01:31:45]} {[%emt 00:00:50]} 7. a3 {[%clk 01:32:14]}
{[%emt 00:00:18]} Bd6 {[%clk 01:31:10]} {[%emt 00:01:05]} 8. Nb5 {[%clk
01:28:12]} {[%emt 00:04:32]} Be7 {[%clk 01:28:25]} {[%emt 00:03:15]} 9. Bf4
{[%clk 01:28:14]} {[%emt 00:00:27]} Na6 {[%clk 01:27:07]} {[%emt 00:01:49]} 10.
O-O {[%clk 01:25:23]} {[%emt 00:03:21]} c6 {[%clk 01:25:46]} {[%emt 00:01:52]}
11. Nbc3 {[%clk 01:25:34]} {[%emt 00:00:18]} Nh5 {[%clk 01:19:43]} {[%emt
00:06:34]} 12. Be3 {[%clk 01:20:51]} {[%emt 00:05:11]} Bd6 {[%clk 01:17:30]}
{[%emt 00:02:44]} 13. Bxa6 {[%clk 00:57:04]} {[%emt 00:24:18]} bxa6 {[%clk
01:16:12]} {[%emt 00:01:47]} 14. Ng3 {[%clk 00:50:04]} {[%emt 00:07:28]} Nf4
{[%clk 01:01:23]} {[%emt 00:15:21]} 15. Nce2 {[%clk 00:42:08]} {[%emt
00:08:23]} Ng6 {[%clk 00:56:16]} {[%emt 00:05:40]} 16. Qd2 {[%clk 00:41:50]}
{[%emt 00:00:44]} Rb8 {[%clk 00:50:42]} {[%emt 00:06:08]} 17. Rab1 {[%clk
00:29:04]} {[%emt 00:13:15]} Re8 {[%clk 00:41:43]} {[%emt 00:09:30]} 18. Nf4
{[%clk 00:28:33]} {[%emt 00:01:01]} Rb7 {[%clk 00:38:05]} {[%emt 00:04:09]} 19.
Nxg6 {[%clk 00:26:40]} {[%emt 00:02:22]} hxg6 {[%clk 00:36:13]} {[%emt
00:02:22]} 20. Bf4 {[%clk 00:26:34]} {[%emt 00:00:35]} Bf8 {[%clk 00:34:35]}
{[%emt 00:02:09]} 21. c3 {[%clk 00:21:21]} {[%emt 00:05:42]} a5 {[%clk
00:33:05]} {[%emt 00:02:02]} 22. Rfe1 {[%clk 00:20:14]} {[%emt 00:01:36]} Be6
{[%clk 00:26:51]} {[%emt 00:06:44]} 23. Bg5 {[%clk 00:18:46]} {[%emt 00:01:57]}
f6 {[%clk 00:25:38]} {[%emt 00:01:45]} 24. Bf4 {[%clk 00:18:22]} {[%emt
00:00:52]} g5 {[%clk 00:23:45]} {[%emt 00:02:25]} 25. Be3 {[%clk 00:18:44]}
{[%emt 00:00:07]} a4 {[%clk 00:22:38]} {[%emt 00:01:38]} 26. Qc2 {[%clk
00:13:57]} {[%emt 00:05:13]} Rb3 {[%clk 00:19:38]} {[%emt 00:03:34]} 27. Ne2
{[%clk 00:11:55]} {[%emt 00:02:31]} Qd7 {[%clk 00:17:48]} {[%emt 00:02:20]} 28.
Nc1 {[%clk 00:09:04]} {[%emt 00:03:21]} Bf5 {[%clk 00:17:24]} {[%emt 00:00:55]}
29. Qd2 {[%clk 00:08:27]} {[%emt 00:01:06]} Rxa3 {[%clk 00:15:01]} {[%emt
00:02:55]} 30. Nd3 {[%clk 00:05:52]} {[%emt 00:03:03]} Rb3 {[%clk 00:14:52]}
{[%emt 00:00:39]} 31. Ra1 {[%clk 00:05:21]} {[%emt 00:01:01]} a3 {[%clk
00:12:56]} {[%emt 00:02:27]} 32. bxa3 {[%clk 00:04:13]} {[%emt 00:01:38]} Bxa3
{[%clk 00:11:36]} {[%emt 00:01:50]} 33. Ra2 {[%clk 00:03:53]} {[%emt 00:00:50]}
Reb8 {[%clk 00:11:33]} {[%emt 00:00:33]} 34. h3 {[%clk 00:02:45]} {[%emt
00:01:38]} a5 {[%clk 00:08:02]} {[%emt 00:04:02]} 35. Rea1 {[%clk 00:02:11]}
{[%emt 00:01:02]} Bd6 {[%clk 00:08:03]} {[%emt 00:00:30]} 36. Nc5 {[%clk
00:01:09]} {[%emt 00:01:32]} Rb1+ {[%clk 00:08:01]} {[%emt 00:00:31]} 0-1

[Event "DEM U18w 2025"]
[Site "Willingen GER"]
[Date "2025.06.08"]
[Round "2"]
[White "Fischer, Darja"]
[Black "Wilmink, Anna"]
[Result "1/2-1/2"]
[Termination "normal"]
[Board "7"]
[BlackTitle "WCM"]
[WhiteElo "1965"]
[BlackElo "1995"]
[WhiteClock "00:05:46"]
[BlackClock "00:09:53"]
[PlyCount "110"]
[WhiteFideId "16240898"]
[BlackFideId "16273680"]
[EventCountry "GER"]
[EventRounds "9"]
[EventType "swiss"]
[EventDate "2025.06.07"]

1. d4 {[%clk 01:30:59]} d5 {[%clk 01:30:55]} {[%emt 00:00:06]} 2. Nf3 {[%clk
01:31:24]} {[%emt 00:00:04]} Nf6 {[%clk 01:31:08]} {[%emt 00:00:17]} 3. e3
{[%clk 01:31:41]} {[%emt 00:00:14]} e6 {[%clk 01:30:45]} {[%emt 00:00:52]} 4.
Bd3 {[%clk 01:31:52]} {[%emt 00:00:19]} a6 {[%clk 01:29:57]} {[%emt 00:01:18]}
5. O-O {[%clk 01:30:02]} {[%emt 00:02:19]} c5 {[%clk 01:29:12]} {[%emt
00:01:17]} 6. b3 {[%clk 01:29:57]} {[%emt 00:00:35]} Nbd7 {[%clk 01:27:00]}
{[%emt 00:02:42]} 7. Nbd2 {[%clk 01:28:14]} {[%emt 00:02:13]} b5 {[%clk
01:24:44]} {[%emt 00:02:46]} 8. c4 {[%clk 01:22:31]} {[%emt 00:06:13]} cxd4
{[%clk 01:20:43]} {[%emt 00:04:31]} 9. Nxd4 {[%clk 01:15:57]} {[%emt 00:07:04]}
bxc4 {[%clk 01:14:00]} {[%emt 00:07:14]} 10. bxc4 {[%clk 01:16:20]} {[%emt
00:00:07]} Bc5 {[%clk 01:11:42]} {[%emt 00:02:47]} 11. N2b3 {[%clk 01:12:54]}
{[%emt 00:03:56]} Bd6 {[%clk 01:07:49]} {[%emt 00:04:24]} 12. cxd5 {[%clk
01:07:13]} {[%emt 00:06:10]} Nxd5 {[%clk 01:07:41]} {[%emt 00:00:38]} 13. Bb2
{[%clk 01:04:49]} {[%emt 00:02:54]} O-O {[%clk 01:04:38]} {[%emt 00:03:34]} 14.
Rc1 {[%clk 00:56:42]} {[%emt 00:08:36]} Qh4 {[%clk 00:55:49]} {[%emt 00:09:18]}
15. Nf3 {[%clk 00:46:48]} {[%emt 00:10:24]} Qe7 {[%clk 00:50:19]} {[%emt
00:06:01]} 16. Nbd2 {[%clk 00:34:23]} {[%emt 00:12:56]} Rb8 {[%clk 00:46:11]}
{[%emt 00:04:38]} 17. Nc4 {[%clk 00:33:10]} {[%emt 00:01:42]} Bc5 {[%clk
00:44:28]} {[%emt 00:02:13]} 18. Nd4 {[%clk 00:26:41]} {[%emt 00:06:59]} Nb4
{[%clk 00:37:37]} {[%emt 00:07:21]} 19. Bb1 {[%clk 00:24:25]} {[%emt 00:02:45]}
Bb7 {[%clk 00:31:04]} {[%emt 00:07:03]} 20. Qh5 {[%clk 00:19:16]} {[%emt
00:05:39]} Nf6 {[%clk 00:28:40]} {[%emt 00:02:54]} 21. Qh3 {[%clk 00:19:24]}
{[%emt 00:00:22]} h6 {[%clk 00:26:01]} {[%emt 00:03:10]} 22. Ne5 {[%clk
00:17:23]} {[%emt 00:02:31]} Ne4 {[%clk 00:12:17]} {[%emt 00:14:14]} 23. Ba3
{[%clk 00:10:34]} {[%emt 00:07:19]} Qd6 {[%clk 00:08:45]} {[%emt 00:04:01]} 24.
Nef3 {[%clk 00:07:44]} {[%emt 00:03:20]} Rbc8 {[%clk 00:04:12]} {[%emt
00:05:04]} 25. Nb3 {[%clk 00:05:38]} {[%emt 00:02:36]} Nd3 {[%clk 00:00:50]}
{[%emt 00:03:52]} 26. Bxc5 {[%clk 00:03:40]} {[%emt 00:02:27]} Ndxc5 {[%clk
00:00:48]} {[%emt 00:00:32]} 27. Nxc5 {[%clk 00:02:43]} {[%emt 00:01:28]} Rxc5
{[%clk 00:00:47]} {[%emt 00:00:31]} 28. Rcd1 {[%clk 00:01:54]} {[%emt
00:01:19]} Qc7 {[%clk 00:00:42]} {[%emt 00:00:34]} 29. Nd4 {[%clk 00:00:51]}
{[%emt 00:01:33]} Rg5 {[%clk 00:00:44]} {[%emt 00:00:29]} 30. f3 {[%clk
00:01:01]} {[%emt 00:00:20]} Nf6 {[%clk 00:00:43]} {[%emt 00:00:32]} 31. Bd3
{[%clk 00:01:02]} {[%emt 00:00:28]} Rh5 {[%clk 00:00:46]} {[%emt 00:00:27]} 32.
Qg3 {[%clk 00:01:29]} {[%emt 00:00:03]} Qxg3 {[%clk 00:00:36]} {[%emt
00:00:40]} 33. hxg3 {[%clk 00:01:59]} {[%emt 00:00:01]} Rc5 {[%clk 00:00:49]}
{[%emt 00:00:16]} 34. Rc1 {[%clk 00:01:39]} {[%emt 00:00:49]} Rfc8 {[%clk
00:00:58]} {[%emt 00:00:22]} 35. Nb3 {[%clk 00:02:05]} {[%emt 00:00:04]} Rc3
{[%clk 00:01:01]} {[%emt 00:00:27]} 36. Rfd1 {[%clk 00:01:52]} {[%emt
00:00:43]} Nd5 {[%clk 00:01:13]} {[%emt 00:00:18]} 37. Kf2 {[%clk 00:02:08]}
{[%emt 00:00:13]} Nb4 {[%clk 00:00:59]} {[%emt 00:00:45]} 38. Bb1 {[%clk
00:02:32]} {[%emt 00:00:06]} Bd5 {[%clk 00:00:48]} {[%emt 00:00:41]} 39. a3
{[%clk 00:01:47]} {[%emt 00:01:16]} Rxc1 {[%clk 00:00:36]} {[%emt 00:00:42]}
40. Rxc1 {[%clk 00:02:08]} {[%emt 00:00:08]} Rxc1 {[%clk 00:00:39]} {[%emt
00:00:27]} 41. Nxc1 {[%clk 00:02:30]} {[%emt 00:00:08]} Nc6 {[%clk 00:30:16]}
{[%emt 00:00:53]} 42. Bd3 {[%clk 00:31:31]} {[%emt 00:01:29]} Nb8 {[%clk
00:29:00]} {[%emt 00:01:45]} 43. Ke2 {[%clk 00:21:43]} {[%emt 00:10:19]} e5
{[%clk 00:27:49]} {[%emt 00:01:41]} 44. e4 {[%clk 00:19:54]} {[%emt 00:02:19]}
Be6 {[%clk 00:27:06]} {[%emt 00:01:12]} 45. Kd2 {[%clk 00:19:57]} {[%emt
00:00:27]} Kf8 {[%clk 00:25:36]} {[%emt 00:02:01]} 46. Kc3 {[%clk 00:20:02]}
{[%emt 00:00:25]} Ke7 {[%clk 00:25:02]} {[%emt 00:01:04]} 47. Kb4 {[%clk
00:19:00]} {[%emt 00:01:32]} Kd6 {[%clk 00:20:39]} {[%emt 00:04:53]} 48. Bc4
{[%clk 00:12:56]} {[%emt 00:06:35]} Nc6+ {[%clk 00:19:44]} {[%emt 00:01:24]}
49. Kc3 {[%clk 00:13:16]} {[%emt 00:00:10]} Bxc4 50. Kxc4 {[%clk 00:13:45]}
Na5+ {[%clk 00:19:06]} {[%emt 00:00:38]} 51. Kc3 {[%clk 00:13:44]} {[%emt
00:00:29]} f6 {[%clk 00:17:46]} {[%emt 00:01:50]} 52. Nd3 {[%clk 00:14:05]}
{[%emt 00:00:10]} Nc6 {[%clk 00:15:35]} {[%emt 00:02:41]} 53. Nb4 {[%clk
00:09:03]} {[%emt 00:05:32]} Nxb4 {[%clk 00:09:55]} {[%emt 00:06:10]} 54. Kxb4
{[%clk 00:09:05]} {[%emt 00:00:28]} Kc6 {[%clk 00:10:15]} {[%emt 00:00:10]} 55.
f4 {[%clk 00:05:46]} {[%emt 00:03:48]} g6 {[%clk 00:09:53]} {[%emt 00:00:53]}
1/2-1/2

[Event "DEM U18w 2025"]
[Site "Willingen GER"]
[Date "2025.06.08"]
[Round "2"]
[White "Fetahovic, Sarah"]
[Black "Ottlik, Marie"]
[Result "1-0"]
[Termination "normal"]
[Board "8"]
[WhiteElo "1883"]
[BlackElo "1744"]
[WhiteClock "00:23:23"]
[BlackClock "00:25:46"]
[PlyCount "91"]
[WhiteFideId "34601546"]
[BlackFideId "16281730"]
[EventCountry "GER"]
[EventRounds "9"]
[EventType "swiss"]
[EventDate "2025.06.07"]

1. e4 {[%clk 01:30:57]} {[%emt 00:00:03]} c5 {[%clk 01:30:50]} {[%emt
00:00:11]} 2. Be2 {[%clk 01:31:18]} {[%emt 00:00:09]} Nc6 {[%clk 01:31:09]}
{[%emt 00:00:11]} 3. f4 {[%clk 01:31:36]} {[%emt 00:00:12]} g6 {[%clk
01:31:22]} {[%emt 00:00:18]} 4. Nf3 {[%clk 01:31:53]} {[%emt 00:00:11]} Bg7
{[%clk 01:31:39]} {[%emt 00:00:13]} 5. O-O {[%clk 01:31:58]} {[%emt 00:00:26]}
e6 {[%clk 01:31:36]} {[%emt 00:00:32]} 6. d3 {[%clk 01:32:11]} {[%emt
00:00:16]} Nge7 {[%clk 01:31:39]} {[%emt 00:00:27]} 7. c3 {[%clk 01:31:44]}
{[%emt 00:00:58]} O-O {[%clk 01:31:49]} {[%emt 00:00:20]} 8. Qe1 {[%clk
01:29:46]} {[%emt 00:02:27]} f5 {[%clk 01:25:16]} {[%emt 00:07:04]} 9. e5
{[%clk 01:23:31]} {[%emt 00:06:46]} b6 {[%clk 01:17:19]} {[%emt 00:08:27]} 10.
d4 {[%clk 01:06:34]} {[%emt 00:17:26]} cxd4 {[%clk 01:12:16]} {[%emt 00:05:33]}
11. cxd4 {[%clk 01:06:29]} {[%emt 00:00:36]} Nd5 {[%clk 01:12:00]} {[%emt
00:00:46]} 12. Nc3 {[%clk 00:52:38]} {[%emt 00:14:22]} Nxc3 {[%clk 01:00:09]}
{[%emt 00:12:19]} 13. bxc3 {[%clk 00:52:45]} {[%emt 00:00:23]} Bb7 {[%clk
00:58:38]} {[%emt 00:02:01]} 14. Qg3 {[%clk 00:31:32]} {[%emt 00:21:43]} Rc8
{[%clk 00:51:08]} {[%emt 00:08:01]} 15. h4 {[%clk 00:13:31]} {[%emt 00:18:30]}
Ne7 {[%clk 00:41:24]} {[%emt 00:10:13]} 16. Ng5 {[%clk 00:06:20]} {[%emt
00:07:42]} h6 {[%clk 00:30:43]} {[%emt 00:11:12]} 17. Nh3 {[%clk 00:06:04]}
{[%emt 00:00:44]} Kh7 {[%clk 00:30:19]} {[%emt 00:00:54]} 18. Ba3 {[%clk
00:05:12]} {[%emt 00:01:23]} Rg8 {[%clk 00:24:46]} {[%emt 00:06:04]} 19. Rac1
{[%clk 00:04:59]} {[%emt 00:00:41]} Bf8 {[%clk 00:22:40]} {[%emt 00:02:37]} 20.
c4 {[%clk 00:01:42]} {[%emt 00:03:47]} Nc6 {[%clk 00:19:09]} {[%emt 00:04:01]}
21. Rfd1 {[%clk 00:01:26]} {[%emt 00:00:46]} Bxa3 {[%clk 00:18:58]} {[%emt
00:00:41]} 22. Qxa3 {[%clk 00:01:48]} {[%emt 00:00:08]} Qe7 {[%clk 00:12:02]}
{[%emt 00:07:26]} 23. Qg3 {[%clk 00:00:38]} {[%emt 00:01:41]} Na5 {[%clk
00:08:37]} {[%emt 00:03:55]} 24. Qe3 {[%clk 00:00:31]} {[%emt 00:00:36]} Ba6
{[%clk 00:07:41]} {[%emt 00:01:26]} 25. d5 {[%clk 00:00:37]} {[%emt 00:00:25]}
Bxc4 {[%clk 00:06:43]} {[%emt 00:01:27]} 26. d6 {[%clk 00:00:34]} {[%emt
00:00:33]} Qxh4 {[%clk 00:06:00]} {[%emt 00:01:13]} 27. Bf3 {[%clk 00:00:32]}
{[%emt 00:00:31]} Bxa2 {[%clk 00:03:53]} {[%emt 00:02:38]} 28. Rc7 {[%clk
00:00:53]} {[%emt 00:00:09]} Qd8 {[%clk 00:02:28]} {[%emt 00:01:56]} 29. Rdc1
{[%clk 00:00:51]} {[%emt 00:00:32]} Bc4 {[%clk 00:00:47]} {[%emt 00:02:10]} 30.
Rxa7 {[%clk 00:00:41]} {[%emt 00:00:40]} Rg7 {[%clk 00:00:47]} {[%emt
00:00:30]} 31. Rb1 {[%clk 00:00:37]} {[%emt 00:00:35]} Nc6 {[%clk 00:00:55]}
{[%emt 00:00:22]} 32. Rb7 {[%clk 00:00:32]} {[%emt 00:00:35]} b5 {[%clk
00:01:04]} {[%emt 00:00:21]} 33. Nf2 {[%clk 00:00:32]} {[%emt 00:00:29]} Rb8
{[%clk 00:00:56]} {[%emt 00:00:38]} 34. Bxc6 {[%clk 00:00:41]} {[%emt
00:00:21]} dxc6 {[%clk 00:01:22]} {[%emt 00:00:04]} 35. Rxg7+ {[%clk 00:00:43]}
{[%emt 00:00:29]} Kxg7 {[%clk 00:01:43]} {[%emt 00:00:08]} 36. Ra1 {[%clk
00:00:45]} {[%emt 00:00:28]} b4 {[%clk 00:00:39]} {[%emt 00:01:35]} 37. Qc5
{[%clk 00:00:52]} {[%emt 00:00:22]} Bd5 {[%clk 00:00:48]} {[%emt 00:00:22]} 38.
Nd3 {[%clk 00:00:48]} {[%emt 00:00:34]} b3 {[%clk 00:01:08]} {[%emt 00:00:10]}
39. Nb4 {[%clk 00:00:45]} {[%emt 00:00:32]} Qb6 {[%clk 00:00:41]} {[%emt
00:00:57]} 40. Ra7+ {[%clk 00:00:39]} {[%emt 00:00:36]} Kf8 {[%clk 00:00:45]}
{[%emt 00:00:26]} 41. Qxb6 {[%clk 00:28:40]} {[%emt 00:02:30]} Rxb6 {[%clk
00:31:07]} {[%emt 00:00:07]} 42. Ra8+ {[%clk 00:28:34]} {[%emt 00:00:36]} Kg7
{[%clk 00:28:16]} {[%emt 00:03:21]} 43. d7 {[%clk 00:23:20]} {[%emt 00:05:44]}
b2 {[%clk 00:27:23]} {[%emt 00:01:23]} 44. d8=Q {[%clk 00:23:03]} {[%emt
00:00:48]} b1=Q+ {[%clk 00:27:12]} {[%emt 00:00:40]} 45. Kh2 {[%clk 00:23:23]}
{[%emt 00:00:09]} Qe4 {[%clk 00:25:46]} {[%emt 00:01:57]} 46. Qg8# {[%emt
00:00:18]} 1-0